| 000 | 00413nam a2200145 a 4500 | ||
|---|---|---|---|
| 005 | 20140412111424.0 | ||
| 008 | 080201s19uu xx 00 eng d | ||
| 020 | _a0-7853-2542-5 | ||
| 050 |
_aER _bCe32 1997 |
||
| 100 | _aMcCaferty, Catherine | ||
| 245 |
_aCedar's Tooth / _cCatherine McCaferty. |
||
| 260 |
_aChina : _bPublications International, _c1997. |
||
| 440 | _aFavorite animal stories | ||
| 999 |
_c106168 _d106168 |
||